Photo Quiz: Bands - 2000-2020's - Statistics

General Stats
  • This quiz has been taken 121 times
  • The average score is 5 of 16
Answer Stats
Picture Hint Answer % Correct
Los Angeles, USA Maroon 5
78%
Detroit, USA White Stripes
77%
Oxford, UK Coldplay
76%
Sheffield, UK Arctic Monkeys
51%
Teignmouth, Devon UK Muse
44%
Glasgow, UK Franz Ferdinand
35%
Isle Of Wight, UK Wet Leg
26%
Leeds, UK Kaiser Chiefs
23%
London, UK Libertines
20%
Akron, USA Black Keys
19%
Nottingham, UK Sleaford Mods
17%
Dublin, Ireland Fontaines DC
15%
Bristol, UK Idles
12%
Amsterdam, Holland Pip Blom
6%
Leeds, UK Yard Act
6%
Lancaster, UK Lovely Eggs
3%
No matching quizzes found
Score Distribution
Percent of People with Each Score
Percentile by Number Answered
Your Score History
You have not taken this quiz